| 000 | 00875nam a2200277 i 4500 | ||
|---|---|---|---|
| 003 | DO-SdBNP | ||
| 005 | 20240529132238.0 | ||
| 007 | ta | ||
| 008 | 220815e2020 dr ||||er|||| 00| pdspa d | ||
| 020 | _a9789945809657 | ||
| 040 |
_aDO-SdBNP _bspa _cBNPHU _erda |
||
| 082 | 4 |
_aRD861.5 _bP983a _222 |
|
| 100 | 1 |
_aPumarol, Homero _973921 _eautor |
|
| 245 | 1 | 0 |
_aArrebatos / _cHomero Pulmarol. |
| 264 |
_aSanto Domingo : _bAmigo del Hogar, _c2022 |
||
| 300 |
_a73 páginas ; _c22 cm. |
||
| 336 |
_2rdacontent _atexto _btxt |
||
| 337 |
_2rdamedia _asin mediación _bn |
||
| 338 |
_2rdacarrier _avolumen _bnc |
||
| 500 | _aIncluye datos biográficos del autor en la contracubierta. | ||
| 590 | _aInventariado 2022 / MF | ||
| 650 | 0 |
_aPoesía dominicana _978060 |
|
| 650 | 4 |
_981340 _aLiteratura dominicana |
|
| 910 | _aMFeliz/Validado. Control de calidad MFF | ||
| 942 |
_2ddc _cLBS1 |
||
| 999 |
_c52279 _d52279 |
||